000 00368nam a2200157Ia 4500
003 0STCL
008 150530s9999 xx 000 0 und d
040 _aSTCL
_cSTCL
100 _aJoan Robinson
245 _aEssay in the theory of economic growth
260 _bMacmillan
_c1968
546 _aEnglish
942 _2ddc
_cBK
999 _c12259
_d12259
005 20220125165621.0